000 00400nam a22001577a 4500
020 _a9780713668698
050 0 0 _aQC931
_b.W38 2005
100 1 _aWatts, Alan,
245 1 0 _aInstant wind forecasting /
_cAlan Watts.
250 _a2nd ed.
260 _aLondon:
_bAdlard Coles Nautical,
_c2005.
300 _a112 p. :
500 _aIncludes table of contents.
650 0 _v1. Forecasting
942 _cGEN
999 _c2518
_d2518